<?xml version="1.0" encoding="UTF-8"?>
<record
    xmlns:xsi="http://www.w3.org/2001/XMLSchema-instance"
    xsi:schemaLocation="http://www.loc.gov/MARC21/slim http://www.loc.gov/standards/marcxml/schema/MARC21slim.xsd"
    xmlns="http://www.loc.gov/MARC21/slim">

  <leader>00757nam a22001937a 4500</leader>
  <datafield tag="999" ind1=" " ind2=" ">
    <subfield code="c">177014</subfield>
    <subfield code="d">177014</subfield>
  </datafield>
  <controlfield tag="005">20210205104327.0</controlfield>
  <datafield tag="010" ind1=" " ind2=" ">
    <subfield code="a">B-736835</subfield>
  </datafield>
  <datafield tag="020" ind1=" " ind2=" ">
    <subfield code="a">9788184956009</subfield>
    <subfield code="c">499.00</subfield>
  </datafield>
  <datafield tag="035" ind1=" " ind2=" ">
    <subfield code="a">B-736835</subfield>
  </datafield>
  <datafield tag="037" ind1=" " ind2=" ">
    <subfield code="b">Gift/Eng/03-02-2021</subfield>
  </datafield>
  <datafield tag="082" ind1=" " ind2=" ">
    <subfield code="a">726.145095487</subfield>
  </datafield>
  <datafield tag="100" ind1=" " ind2=" ">
    <subfield code="a">Michell, George</subfield>
  </datafield>
  <datafield tag="245" ind1=" " ind2=" ">
    <subfield code="a">Badami, Aihole, Pattadkal /</subfield>
    <subfield code="c">by George Michell</subfield>
  </datafield>
  <datafield tag="260" ind1=" " ind2=" ">
    <subfield code="a">Mumbai</subfield>
    <subfield code="b">Jaico Publishing House</subfield>
    <subfield code="c">2014</subfield>
  </datafield>
  <datafield tag="270" ind1=" " ind2=" ">
    <subfield code="a">A-2, Jash Chambers, 7-A Sir Phirozshah Mehta Road, Fort</subfield>
    <subfield code="b">Mumbai</subfield>
    <subfield code="e">400001</subfield>
  </datafield>
  <datafield tag="300" ind1=" " ind2=" ">
    <subfield code="a">144p.:</subfield>
    <subfield code="b">col. ill.,maps,plans.</subfield>
    <subfield code="c">20cm(pbk)</subfield>
  </datafield>
  <datafield tag="942" ind1=" " ind2=" ">
    <subfield code="2">ddc</subfield>
    <subfield code="c">EN</subfield>
    <subfield code="m">MIC</subfield>
    <subfield code="h">726.145095487</subfield>
  </datafield>
  <datafield tag="952" ind1=" " ind2=" ">
    <subfield code="0">0</subfield>
    <subfield code="1">0</subfield>
    <subfield code="4">0</subfield>
    <subfield code="7">0</subfield>
    <subfield code="8">NFIC</subfield>
    <subfield code="a">L</subfield>
    <subfield code="b">L</subfield>
    <subfield code="d">2021-02-05</subfield>
    <subfield code="e">Gift/Eng/03-02-2021</subfield>
    <subfield code="g">499.00</subfield>
    <subfield code="l">0</subfield>
    <subfield code="o">726.145095487 MIC</subfield>
    <subfield code="p">B-736835</subfield>
    <subfield code="r">2021-02-05 00:00:00</subfield>
    <subfield code="t">1</subfield>
    <subfield code="v">499.00</subfield>
    <subfield code="w">2021-02-05</subfield>
    <subfield code="y">EN</subfield>
  </datafield>
</record>
